000 00571nam a2200181Ia 4500
005 20250508151838.0
008 008 250505s9999 xx 000 0 eng d
037 _aTextual
040 _aFEDL
_beng
_cFEDL
041 _aeng
_2eng
084 _a379, NES
_qFEDL
100 _aNesbitt Marion
_9760141
245 0 _aPublic school for tomorrow: A description of the Matthew F. Maury school Richmond, Virginia
260 _aNew York, USA
_bHarper and Brothers Publisher
_c1953
300 _axvi,164p.
942 _cTEXL
_h379, NES
999 _c1332477
_d1332477